Gaudir la vida : drogues, per què? / Esperança Castell, Teresa Salvador drogues, per què? / Esperança Castell, Teresa Salvador
Publicado:
Barcelona :
Editorial Graó, de Serveis Pedagògics : Servei d' Ensenyament i Investigació de la Diputació de Barcelona ,
1987
Descripción Física:
61 p. : il. ; 20 x 21 cm
Colección:
Biblioteca de la classe ; 21
Otros Autores:
Salvador i Llivina, Teresa
Materias:
Drogues
MARC
| LEADER | 00000nam a2200000Ia 4500 | ||
|---|---|---|---|
| 001 | 4952 | ||
| 008 | 160829s1987 xx 000 0 cat d | ||
| 080 | |a C-1-385 | ||
| 100 | |a Castell, Esperança |9 26110 | ||
| 245 | |a Gaudir la vida : |b drogues, per què? / Esperança Castell, Teresa Salvador | ||
| 260 | |a Barcelona : |b Editorial Graó, de Serveis Pedagògics : |b Servei d' Ensenyament i Investigació de la Diputació de Barcelona, |c 1987 | ||
| 300 | |a 61 p. : |b il. ; |c 20 x 21 cm | ||
| 490 | |a Biblioteca de la classe ; 21 | ||
| 650 | |a Drogues |9 25398 | ||
| 700 | |a Salvador i Llivina, Teresa |9 26111 | ||
| 710 | 1 | |a Barcelona (Catalunya : Província). |b Servei d'Ensenyament i Investigació |9 54366 | |
| 901 | |a Arxiu | ||
| 942 | |n 1 | ||
| 952 | |0 0 |1 0 |4 0 |6 C1385 |7 1 |9 43884 |a Arxiu |b Arxiu |d 2016-12-01 |l 0 |o C-1-385 |p 4952 |r 2016-12-01 00:00:00 |w 2016-12-01 |y ARXIU | ||
| 999 | |c 46464 |d 46464 | ||